00410nam a2200157Ia 4500008004100000020000700041082001900048100001500067245002000082250000700102260004500109300003000154500001900184600003300203650001600236240925s9999 xx 000 0 und d aNA a510.246213 DEE aDeem, Bill 0aElectronic Math aNA aNew Jersey:bPrintice- Hall Int.c,1997. axxxii,734p.bNAfOriginal aIncludes Index aHumanities & Natural Science aMathematics